[Event "Titled Tuesday intern op 23rd May Late"]
[Site "Chess.com INT"]
[Date "2023.05.23"]
[Round "9"]
[White "Domingo Nunez, Ruben"]
[Black "Ollier, Pablo"]
[Result "1-0"]
[WhiteElo "2416"]
[BlackElo "2353"]
[PlyCount "53"]
[EventDate "2023.05.23"]
[EventType "swiss (blitz)"]
[EventRounds "11"]
[EventCountry "USA"]
[SourceTitle "EXT 2024"]
[Source "ChessBase"]
[SourceDate "2023.10.10"]
[SourceVersion "1"]
[SourceVersionDate "2023.10.10"]
[SourceQuality "1"]

1. c4 c5 2. Nc3 Nc6 3. g3 g6 4. Bg2 Bg7 5. Nf3 e5 6. 0-0 Nge7 7. Ne1 0-0 8. Nc2 a6 9. Ne3 Rb8 10. a4 Nb4 11. d3 d6 12. Bd2 Be6 13. Ncd5 Nbxd5 14. cxd5 Bd7 15. Nc4 Qc7 16. a5 f5 17. b4 e4 18. dxe4 Bxa1 19. Qxa1 Bb5 20. Bh6 Rf7 21. Nxd6 Qxd6 22. e5 Qc7 23. e6 Nc8 24. Bf4 Nd6 25. bxc5 Qxc5 26. Rc1 Qb4 27. exf7+ 1-0

[Event "Titled Tuesday intern op 16th May Late"]
[Site "Chess.com INT"]
[Date "2023.05.16"]
[Round "8"]
[White "Gerbelli Neto, Eduardo"]
[Black "Ollier, Pablo"]
[Result "1-0"]
[WhiteElo "2114"]
[BlackElo "2353"]
[PlyCount "69"]
[EventDate "2023.05.16"]
[EventType "swiss (blitz)"]
[EventRounds "11"]
[EventCountry "USA"]
[SourceTitle "CBM 214 Extra"]
[Source "ChessBase"]
[SourceDate "2023.07.31"]
[SourceVersion "1"]
[SourceVersionDate "2023.07.31"]
[SourceQuality "1"]

1. e4 e5 2. Nf3 Nc6 3. d4 exd4 4. Bc4 Nf6 5. 0-0 Nxe4 6. Re1 d5 7. Nc3 dxc4 8. Rxe4+ Be6 9. Nxd4 Nxd4 10. Rxd4 Qf6 11. Nb5 Rc8 12. Nxa7 Qxd4 13. Qxd4 Rd8 14. Be3 Rxd4 15. Bxd4 c6 16. a4 Kd7 17. a5 Bd6 18. Rd1 Ra8 19. Bc5 Bd5 20. Bb6 Ke6 21. Re1+ Kf5 22. Rd1 Ke6 23. Re1+ Kd7 24. Rd1 Re8 25. Kf1 c3 26. b3 Re5 27. Bd4 Rh5 28. h3 Rf5 29. f3 h5 30. Kf2 Bb8 31. Rd3 h4 32. Rxc3 Bg3+ 33. Ke2 Rf4 34. Be3 Rf6 35. Rd3 1-0

[Event "Titled Tuesday intern op 16th May Late"]
[Site "Chess.com INT"]
[Date "2023.05.16"]
[Round "7"]
[White "Ollier, Pablo"]
[Black "Bogaudinov, Rushan"]
[Result "0-1"]
[WhiteElo "2353"]
[BlackElo "1939"]
[PlyCount "66"]
[EventDate "2023.05.16"]
[EventType "swiss (blitz)"]
[EventRounds "11"]
[EventCountry "USA"]
[SourceTitle "CBM 214 Extra"]
[Source "ChessBase"]
[SourceDate "2023.07.31"]
[SourceVersion "1"]
[SourceVersionDate "2023.07.31"]
[SourceQuality "1"]

1. d4 Nf6 2. c4 e6 3. Nc3 d5 4. cxd5 Nxd5 5. e4 Nxc3 6. bxc3 Be7 7. Nf3 b6 8. Bd3 Bb7 9. 0-0 Nd7 10. Qe2 0-0 11. Rd1 c5 12. Bb2 Qc7 13. Rac1 Nf6 14. Bb1 Rfd8 15. h3 Qf4 16. Re1 Rac8 17. Rcd1 Bf8 18. Bc1 Qc7 19. Bg5 Be7 20. e5 Nd5 21. Qe4 g6 22. Qh4 Re8 23. c4 Nb4 24. a3 Bxf3 25. gxf3 Bxg5 26. Qxg5 Nc6 27. d5 exd5 28. cxd5 Nxe5 29. Qg3 Qd6 30. Re4 f5 31. Re2 Re7 32. Rde1 Rce8 33. Qg5 Nxf3+ 0-1

[Event "Avoine op 36th"]
[Site "Avoine"]
[Date "2022.07.23"]
[Round "1"]
[White "Ollier, Pablo"]
[Black "Djidjeli, Sarah"]
[Result "1-0"]
[WhiteElo "2376"]
[BlackElo "2028"]
[PlyCount "77"]
[EventDate "2022.07.23"]
[EventType "swiss"]
[EventRounds "9"]
[EventCountry "FRA"]
[SourceTitle "CBM 209 Extra"]
[Source "ChessBase"]
[SourceDate "2022.09.30"]
[SourceVersion "1"]
[SourceVersionDate "2022.09.30"]
[SourceQuality "1"]

1. d4 d5 2. c4 e6 3. Nc3 a6 4. cxd5 exd5 5. Qb3 c5 6. Qxd5 cxd4 7. Qxd8+ Kxd8 8. Nd5 Be6 9. Nf4 Bb4+ 10. Bd2 Bxd2+ 11. Kxd2 Nf6 12. Nf3 Nc6 13. g3 Bf5 14. Bg2 h6 15. Rhd1 g5 16. Nd3 Bxd3 17. Kxd3 Ng4 18. Rf1 Rc8 19. a3 Ke7 20. h3 Nf6 21. Rac1 Rhd8 22. Rc2 Rd6 23. Rfc1 Rcd8 24. Ne1 Nd5 25. Rc5 Ke6 26. Kd2 Ne5 27. Nd3 Nxd3 28. Kxd3 Ne7 29. Rc7 b5 30. b3 Ng6 31. Bb7 Ne5+ 32. Kd2 a5 33. R1c5 a4 34. f4 gxf4 35. gxf4 Nd7 36. Rxb5 axb3 37. Rxb3 Nb6 38. Rb5 f6 39. f5# 1-0

[Event "Titled Tuesday intern op 6th Aug"]
[Site "Chess.com INT"]
[Date "2019.08.06"]
[Round "4"]
[White "Gschnitzer, Adrian"]
[Black "Ollier, Pablo"]
[Result "1-0"]
[WhiteElo "2410"]
[BlackElo "2382"]
[PlyCount "113"]
[EventDate "2019.08.06"]
[EventType "swiss (blitz)"]
[EventRounds "10"]
[EventCountry "USA"]
[SourceTitle "EXT 2021"]
[Source "ChessBase"]
[SourceDate "2020.10.23"]
[SourceVersion "1"]
[SourceVersionDate "2020.10.23"]
[SourceQuality "1"]

1. d4 Nf6 2. g3 d5 3. Bg2 c6 4. Nf3 Bf5 5. c4 Nbd7 6. Nc3 e6 7. Nh4 Bg4 8. h3 Bh5 9. g4 Ne4 10. Nxe4 dxe4 11. gxh5 Qxh4 12. Qb3 Rb8 13. Be3 Be7 14. 0-0-0 Bg5 15. Kb1 Bxe3 16. Qxe3 Nf6 17. Rdg1 0-0 18. f3 Nxh5 19. fxe4 Qf4 20. Qxf4 Nxf4 21. Bf3 e5 22. d5 Ng6 23. h4 Rfd8 24. Bg4 Ne7 25. Rh2 c5 26. a4 b6 27. Rf2 Nc8 28. Bxc8 Rbxc8 29. Rf5 Re8 30. Rgg5 h6 31. Rg3 Rcd8 32. Kc2 Rd6 33. h5 Kf8 34. Rgf3 Re7 35. Kb3 Ke8 36. Ka3 f6 37. Rb3 Kf7 38. Rff3 a5 39. Rb5 Ra7 40. Kb3 Ra8 41. Rg3 Rg8 42. Kc2 g5 43. Kd3 Ke7 44. Ke3 Rf8 45. Rf3 f5 46. exf5 Kf6 47. Ke4 Re8 48. Rfb3 Rb8 49. Rxc5 g4 50. Rc6 Rxc6 51. dxc6 Kg5 52. Kxe5 Kh4 53. Kd6 g3 54. Rxg3 Kxg3 55. c7 Rf8 56. Ke7 Rh8 57. f6 1-0

[Event "Titled Tuesday intern op 4th June"]
[Site "Chess.com INT"]
[Date "2019.06.04"]
[Round "4"]
[White "Fernandez Barrera, Victor"]
[Black "Ollier, Pablo"]
[Result "0-1"]
[WhiteElo "2308"]
[BlackElo "2373"]
[PlyCount "58"]
[EventDate "2019.06.04"]
[EventType "swiss (blitz)"]
[EventRounds "10"]
[EventCountry "USA"]
[SourceTitle "EXT 2021"]
[Source "ChessBase"]
[SourceDate "2020.10.23"]
[SourceVersion "1"]
[SourceVersionDate "2020.10.23"]
[SourceQuality "1"]

1. d4 Nf6 2. c4 e6 3. g3 Bb4+ 4. Bd2 c5 5. Bxb4 cxb4 6. Bg2 0-0 7. e4 d6 8. Ne2 Nc6 9. 0-0 e5 10. d5 Nb8 11. Qb3 Na6 12. a3 Qb6 13. axb4 Nxb4 14. Nbc3 a5 15. Nb5 Nd7 16. Nc1 Nc5 17. Qe3 Bd7 18. Qe2 Bxb5 19. cxb5 f5 20. exf5 Rxf5 21. Bh3 Rf6 22. Na2 Nbd3 23. Nc3 Raf8 24. Be6+ Kh8 25. Ne4 Nxe4 26. Qxd3 Nxf2 27. Qe2 Nd1+ 28. Kg2 Ne3+ 29. Kh3 Rh6+ 0-1

[Event "Titled Tuesday intern op 2nd April"]
[Site "Chess.com INT"]
[Date "2019.04.02"]
[Round "6"]
[White "Awatramani, Janak"]
[Black "Ollier, Pablo"]
[Result "1-0"]
[WhiteElo "2213"]
[BlackElo "2369"]
[PlyCount "49"]
[EventDate "2019.04.02"]
[EventType "swiss (blitz)"]
[EventRounds "10"]
[EventCountry "USA"]
[SourceTitle "EXT 2021"]
[Source "ChessBase"]
[SourceDate "2020.10.23"]
[SourceVersion "1"]
[SourceVersionDate "2020.10.23"]
[SourceQuality "1"]

1. e4 e5 2. Nc3 Nc6 3. g3 Nf6 4. Bg2 Bc5 5. d3 d6 6. h3 a6 7. f4 h5 8. Nf3 h4 9. g4 Bxg4 10. hxg4 Nxg4 11. Qe2 Nf2 12. Rf1 h3 13. Bh1 Ng4 14. Ng5 Rh4 15. Nf3 Rh8 16. Nd5 Qd7 17. Bd2 0-0-0 18. 0-0-0 f6 19. f5 g5 20. Nxg5 Rdg8 21. Qxg4 Nd4 22. c3 Qa4 23. cxd4 Qxa2 24. Nc3 Qb3 25. dxc5 1-0

[Event "Titled Tuesday intern op 2nd April"]
[Site "Chess.com INT"]
[Date "2019.04.02"]
[Round "8"]
[White "Ollier, Pablo"]
[Black "Williams, Simon Kim"]
[Result "0-1"]
[WhiteElo "2369"]
[BlackElo "2468"]
[PlyCount "126"]
[EventDate "2019.04.02"]
[EventType "swiss (blitz)"]
[EventRounds "10"]
[EventCountry "USA"]
[SourceTitle "EXT 2021"]
[Source "ChessBase"]
[SourceDate "2020.10.23"]
[SourceVersion "1"]
[SourceVersionDate "2020.10.23"]
[SourceQuality "1"]

1. d4 e6 2. e4 d5 3. exd5 exd5 4. Nf3 Bg4 5. Bd3 Nf6 6. 0-0 Be7 7. Re1 0-0 8. Nbd2 c5 9. dxc5 Bxc5 10. c3 Nc6 11. Nb3 Bb6 12. Bg5 Qd6 13. h3 Bh5 14. Be2 Ne4 15. Bh4 Qf4 16. Qc1 Qf5 17. Nbd4 Nxd4 18. Nxd4 Qe5 19. Bxh5 Qxh5 20. Bg3 Rfe8 21. Qf4 Qg6 22. Rad1 h5 23. Bh2 Rac8 24. f3 Ng5 25. Kh1 Ne6 26. Nxe6 fxe6 27. Qg3 Qf6 28. Qe5 Qg6 29. Bf4 Bc7 30. Qg5 Qxg5 31. Bxg5 Kf7 32. Be3 a6 33. Bd4 e5 34. Bg1 Rcd8 35. Bh2 Rd7 36. Re2 Kf6 37. Bg3 g5 38. Rf1 h4 39. Bh2 b5 40. Rfe1 Rde7 41. Bg1 e4 42. Bc5 Re6 43. Bd4+ Kg6 44. Kg1 Bg3 45. Bf2 Bf4 46. Bd4 Kf5 47. Be3 a5 48. Bxf4 gxf4 49. fxe4+ dxe4 50. Rd2 e3 51. Rd4 Re4 52. Rd5+ R8e5 53. Rd8 Re6 54. Rh8 R4e5 55. Rxh4 Ke4 56. g3 Rf5 57. Rf1 e2 58. Re1 Ke3 59. Rxf4 Rxf4 60. gxf4 Rg6+ 61. Kh2 Kf2 62. Rxe2+ Kxe2 63. h4 Kf3 0-1

[Event "Titled Tuesday intern op 4th Dec"]
[Site "Chess.com INT"]
[Date "2018.12.04"]
[Round "4"]
[White "Herrera Reyes, Jose Antonio"]
[Black "Ollier, Pablo"]
[Result "1-0"]
[WhiteElo "2324"]
[BlackElo "2362"]
[PlyCount "67"]
[EventDate "2018.12.04"]
[EventType "swiss (blitz)"]
[EventRounds "10"]
[EventCountry "USA"]
[SourceTitle "EXT 2021"]
[Source "ChessBase"]
[SourceDate "2020.10.23"]
[SourceVersion "1"]
[SourceVersionDate "2020.10.23"]
[SourceQuality "1"]

1. Nf3 Nf6 2. g3 d5 3. Bg2 Bf5 4. 0-0 e6 5. d3 h6 6. c3 c6 7. Qb3 Qb6 8. Be3 Qxb3 9. axb3 a6 10. b4 Nbd7 11. Nbd2 Ng4 12. Nb3 Nxe3 13. fxe3 Bd6 14. Na5 0-0-0 15. Nd4 Bg6 16. Nab3 Ne5 17. Bh3 Kb8 18. Nc5 h5 19. b3 Ng4 20. Nc2 Kc7 21. c4 Rdf8 22. Rf3 Ne5 23. Rff1 h4 24. g4 Re8 25. Nd4 Be7 26. Rf2 Bg5 27. Nc2 dxc4 28. bxc4 Nxc4 29. dxc4 Bxc2 30. Rxf7+ Kc8 31. Nxb7 Bxe3+ 32. Kh1 Ref8 33. Nd6+ Kb8 34. Rb7+ 1-0

[Event "Titled Tuesday intern op 4th Dec"]
[Site "Chess.com INT"]
[Date "2018.12.04"]
[Round "6"]
[White "Meissner, Felix"]
[Black "Ollier, Pablo"]
[Result "1-0"]
[WhiteElo "2346"]
[BlackElo "2362"]
[PlyCount "71"]
[EventDate "2018.12.04"]
[EventType "swiss (blitz)"]
[EventRounds "10"]
[EventCountry "USA"]
[SourceTitle "EXT 2021"]
[Source "ChessBase"]
[SourceDate "2020.10.23"]
[SourceVersion "1"]
[SourceVersionDate "2020.10.23"]
[SourceQuality "1"]

1. e4 e5 2. Nf3 Nc6 3. g3 Nf6 4. d3 Bc5 5. Bg2 d6 6. 0-0 0-0 7. Nc3 a6 8. Be3 Bxe3 9. fxe3 Ne7 10. Nh4 c6 11. Rxf6 gxf6 12. Qh5 Kg7 13. Rf1 Rh8 14. Ne2 Qb6 15. Qf3 f5 16. exf5 f6 17. g4 h6 18. Ng3 Nd5 19. Re1 Qxb2 20. Ng6 Rd8 21. Nh5+ Kf7 22. c4 Qc3 23. Rf1 Nc7 24. g5 hxg5 25. Ng3 Bd7 26. Qh5 Kg7 27. Ne7 Be8 28. Ng6 Bf7 29. h4 Rh8 30. Qg4 Bxg6 31. fxg6 Rxh4 32. Nf5+ Kxg6 33. Nxh4+ Kg7 34. Qd7+ Kg8 35. Nf5 Qxd3 36. Qg7# 1-0

[Event "Titled Tuesday intern op 4th Dec"]
[Site "Chess.com INT"]
[Date "2018.12.04"]
[Round "7"]
[White "Ollier, Pablo"]
[Black "Guimaraes, Wagner Peixoto"]
[Result "1-0"]
[WhiteElo "2362"]
[BlackElo "2240"]
[PlyCount "105"]
[EventDate "2018.12.04"]
[EventType "swiss (blitz)"]
[EventRounds "10"]
[EventCountry "USA"]
[SourceTitle "EXT 2021"]
[Source "ChessBase"]
[SourceDate "2020.10.23"]
[SourceVersion "1"]
[SourceVersionDate "2020.10.23"]
[SourceQuality "1"]

1. d4 d5 2. c4 c6 3. Nc3 dxc4 4. e4 b5 5. a4 b4 6. Nce2 e5 7. Nf3 exd4 8. Qxd4 c5 9. Qxd8+ Kxd8 10. Nf4 Ba6 11. Ne5 Nh6 12. Nd5 f6 13. Nxc4 Nc6 14. Bxh6 gxh6 15. 0-0-0 Nd4 16. Nxf6 Be7 17. Nd5 Rf8 18. f3 Bg5+ 19. Kb1 Bxc4 20. Bxc4 Kd7 21. Rd3 Rad8 22. Rhd1 Bf6 23. Ne3 Kc6 24. Nc2 Nxc2 25. Kxc2 Rxd3 26. Rxd3 Bd4 27. Bd5+ Kc7 28. Kb3 Rf6 29. Rd2 h5 30. Kc4 Kb6 31. b3 Rg6 32. Re2 Be5 33. g3 h4 34. f4 hxg3 35. hxg3 Rxg3 36. Bf7 Bxf4 37. e5 Rc3+ 38. Kd5 Rxb3 39. e6 Rd3+ 40. Ke4 Rd4+ 41. Kf5 Bd6 42. e7 Rf4+ 43. Kg5 Rf2 44. e8Q Rxe2 45. Qxe2 c4 46. Bxc4 b3 47. Bxb3 a6 48. Qc4 Bc5 49. Kh6 Kb7 50. Qxc5 a5 51. Bd5+ Ka6 52. Qb5+ Ka7 53. Qb7# 1-0

[Event "Titled Tuesday intern op 4th Dec"]
[Site "Chess.com INT"]
[Date "2018.12.04"]
[Round "10"]
[White "Prilleltensky, Matan"]
[Black "Ollier, Pablo"]
[Result "0-1"]
[WhiteElo "2143"]
[BlackElo "2362"]
[PlyCount "74"]
[EventDate "2018.12.04"]
[EventType "swiss (blitz)"]
[EventRounds "10"]
[EventCountry "USA"]
[SourceTitle "EXT 2021"]
[Source "ChessBase"]
[SourceDate "2020.10.23"]
[SourceVersion "1"]
[SourceVersionDate "2020.10.23"]
[SourceQuality "1"]

1. d4 Nf6 2. c4 e6 3. Nc3 Bb4 4. f3 0-0 5. a3 Bxc3+ 6. bxc3 c5 7. e4 Ne8 8. Bd3 b6 9. Ne2 Nc6 10. 0-0 Ba6 11. f4 f5 12. exf5 exf5 13. Ng3 g6 14. Qe2 Nd6 15. Be3 Re8 16. Qf2 Bxc4 17. dxc5 Bxd3 18. cxd6 Bxf1 19. Rxf1 Qf6 20. c4 Qe6 21. Bd2 Qxc4 22. Rc1 Qd4 23. Qxd4 Nxd4 24. Rc7 Red8 25. Nf1 Ne6 26. Ne3 Nxc7 27. dxc7 Rdc8 28. Nd5 Kf7 29. Bb4 Ke6 30. Ne3 Rxc7 31. g4 a5 32. Bd2 b5 33. gxf5+ gxf5 34. h4 b4 35. axb4 a4 36. Nd1 a3 37. Nc3 a2 0-1

[Event "Titled Tuesday intern op 6th Nov"]
[Site "Chess.com INT"]
[Date "2018.11.06"]
[Round "5"]
[White "Maly, Alexey"]
[Black "Ollier, Pablo"]
[Result "1-0"]
[WhiteElo "2343"]
[BlackElo "2380"]
[PlyCount "43"]
[EventDate "2018.11.06"]
[EventType "swiss (blitz)"]
[EventRounds "10"]
[EventCountry "USA"]
[SourceTitle "EXT 2021"]
[Source "ChessBase"]
[SourceDate "2020.10.23"]
[SourceVersion "1"]
[SourceVersionDate "2020.10.23"]
[SourceQuality "1"]

1. d4 Nf6 2. c4 e6 3. Nf3 Bb4+ 4. Nbd2 b6 5. g3 Ba6 6. Qb3 c5 7. Bg2 Nc6 8. dxc5 bxc5 9. 0-0 0-0 10. Rd1 Qe7 11. a3 Ba5 12. Qa4 Bb7 13. Nb3 Bc7 14. Be3 d6 15. h3 a5 16. Ne1 Ra6 17. Nd3 Rb8 18. Ndxc5 dxc5 19. Nxc5 Rb6 20. Nxb7 R6xb7 21. Qxc6 Rxb2 22. Bc5 1-0

[Event "Titled Tuesday intern op 6th Nov"]
[Site "Chess.com INT"]
[Date "2018.11.06"]
[Round "6"]
[White "Ollier, Pablo"]
[Black "Carlsson, Ludvig"]
[Result "1-0"]
[WhiteElo "2380"]
[BlackElo "2058"]
[PlyCount "77"]
[EventDate "2018.11.06"]
[EventType "swiss (blitz)"]
[EventRounds "10"]
[EventCountry "USA"]
[SourceTitle "EXT 2021"]
[Source "ChessBase"]
[SourceDate "2020.10.23"]
[SourceVersion "1"]
[SourceVersionDate "2020.10.23"]
[SourceQuality "1"]

1. d4 d5 2. c4 e6 3. Nc3 a6 4. Nf3 dxc4 5. e4 b5 6. a4 Bb7 7. axb5 axb5 8. Rxa8 Bxa8 9. Nxb5 Bxe4 10. Bxc4 Nf6 11. 0-0 c6 12. Nc3 Bd5 13. Nxd5 cxd5 14. Bb5+ Nbd7 15. Qa4 Be7 16. Ne5 h6 17. Bd2 Bd6 18. Rc1 0-0 19. Nxd7 Bxh2+ 20. Kxh2 Ng4+ 21. Kg3 h5 22. Nxf8 Qf6 23. Bf4 Qf5 24. Qa8 g5 25. Nxe6+ Kh7 26. Nxg5+ Kg7 27. Rc8 h4+ 28. Kxh4 Nf6 29. Kg3 Qg4+ 30. Kh2 Qxf4+ 31. Kg1 Qxg5 32. Rc3 Ng4 33. Qa1 Qf4 34. Rh3 Qxf2+ 35. Kh1 Qxd4 36. Rg3 Kh8 37. Qe1 Nf2+ 38. Kh2 Qf4 39. Qe8+ 1-0

[Event "Hamburg HSK IM"]
[Site "Hamburg"]
[Date "2018.10.01"]
[Round "3"]
[White "Ollier, Pablo"]
[Black "Wachinger, Nikolas"]
[Result "0-1"]
[WhiteElo "2380"]
[BlackElo "2360"]
[PlyCount "62"]
[EventDate "2018.09.29"]
[EventType "tourn"]
[EventRounds "9"]
[EventCountry "GER"]
[EventCategory "5"]
[SourceTitle "CBM 187 Extra"]
[Source "ChessBase"]
[SourceDate "2018.11.04"]
[SourceVersion "1"]
[SourceVersionDate "2018.11.04"]
[SourceQuality "1"]

1. e3 d5 2. c4 e6 3. Nf3 Nf6 4. b3 c5 5. cxd5 exd5 6. d4 Nc6 7. Be2 cxd4 8. Nxd4 Bb4+ 9. Bd2 Bd6 10. Nb5 Bb8 11. Bc3 Ne4 12. 0-0 0-0 13. Bb2 a6 14. Nd4 Qd6 15. f4 Re8 16. Nd2 Ba7 17. N2f3 Nf6 18. Qd2 Qe7 19. Ne5 Nxe5 20. fxe5 Qxe5 21. Rf3 Ne4 22. Qc2 Bb8 23. g3 Ng5 24. Raf1 Nxf3+ 25. Rxf3 Bg4 26. Bd3 Bxf3 27. Nxf3 Qxe3+ 28. Kg2 Ba7 29. Bxh7+ Kh8 30. Qf5 Qe2+ 31. Kh3 Qe6 0-1